书目信息 |
| 题名: |
如何让你爱的人爱上你 How to make anyone fall in love with you
|
|
| 作者: | 朗兹 (Lowndes,Leil)著 , 毛燕鸿 译 | |
| 分册: | ||
| 出版信息: | 上海 上海社会科学院出版社 2020.04 |
|
| 页数: | 324页 | |
| 开本: | 20cm | |
| 丛书名: | ||
| 单 册: | ||
| 中图分类: | C913.1-49 | |
| 科图分类: | ||
| 主题词: | 社会生活 , 社会问题 | |
| 电子资源: | ||
| ISBN: | 978-7-5520-2892-8 | |
| 000 | 00793nam0 2200217 45 | |
| 001 | 2136484513 | |
| 005 | 20211220101012.88 | |
| 010 | @a978-7-5520-2892-8@dRMB 46.80 | |
| 100 | @a20211220d2020 km y0chiy0120 ea | |
| 101 | 0 | @achi |
| 102 | @aCN | |
| 200 | 1 | @a如何让你爱的人爱上你 How to make anyone fall in love with you@Aru he rang ni ai de ren ai shang ni How to make anyone fall in love with you@f朗兹 ( Lowndes, Leil ) 著, 毛燕鸿 译@Flang zi(Lowndes,Leil)zhu,mao yan hong yi |
| 210 | @a上海@c上海社会科学院出版社@d2020.04 | |
| 215 | @a324页@d20cm | |
| 606 | 0 | @a社会生活 |
| 606 | 0 | @a社会问题 |
| 690 | @aC913.1-49@v4 | |
| 701 | 0 | @a朗兹 (Lowndes,Leil)著@Alang zi(Lowndes,Leil)zhu@4译 |
| 701 | 0 | @a毛燕鸿@Amao yan hong@4译 |
| 801 | 0 | @aCN@bPFT@c20211220 |
| 905 | @a10447@dC913.1-49@eL056 | |
| 如何让你爱的人爱上你 How to make anyone fall in love with you/朗兹 ( Lowndes, Leil ) 著, 毛燕鸿 译.-上海:上海社会科学院出版社,2020.04 |
| 324页;20cm |
| ISBN 978-7-5520-2892-8:RMB 46.80 |
| ● |
| 相关链接 |
|
|
|
正题名:如何让你爱的人爱上你 How to make anyone
索取号:C913.1-49/L056
 
预约/预借
| 序号 | 登录号 | 条形码 | 馆藏地/架位号 | 状态 | 备注 |
| 1 | 1503206 | 215032060 | 大学生心理健康教育指导中心资料室/ [索取号:C913.1-49/L056] | 在馆 |